Closest Countries to London - Statistics

General Stats
  • This quiz has been taken 196 times
  • The average score is 22 of 23
Answer Stats
Distance to London Country % Correct
444 km | 276 mi Ireland
99%
920 km | 572 mi Spain
99%
199 km | 124 mi Belgium
98%
139 km | 86 mi France
98%
250 km | 155 mi Netherlands
98%
697 km | 433 mi Denmark
97%
418 km | 260 mi Germany
97%
829 km | 515 mi Austria
96%
810 km | 503 mi Italy
96%
842 km | 523 mi Norway
96%
976 km | 606 mi Poland
96%
939 km | 583 mi Sweden
96%
445 km | 277 mi Luxembourg
95%
1,168 km | 726 mi Portugal
95%
677 km | 421 mi Switzerland
95%
868 km | 539 mi Czech Republic
93%
986 km | 613 mi Andorra
91%
1,257 km | 781 mi Slovakia
91%
1,258 km | 782 mi Hungary
89%
1,046 km | 650 mi Monaco
88%
854 km | 531 mi Liechtenstein
87%
1,142 km | 710 mi Slovenia
87%
1,258 km | 782 mi San Marino
86%
No matching quizzes found
Score Distribution
Percent of People with Each Score
Percentile by Number Answered
Your Score History
You have not taken this quiz